States of India in alphabetical order - Statistics

General Stats
  • This quiz has been taken 12 times
  • The average score is 21 of 28
Answer Stats
Hint Answer % Correct
A Andhra Pradesh
100%
A Arunachal Pradesh
100%
A Assam
100%
B Bihar
100%
C Chhattisgarh
100%
G Goa
100%
H Himachal Pradesh
100%
J Jharkhand
100%
K Karnataka
100%
K Kerala
100%
G Gujarat
83%
H Haryana
83%
M Madhya Pradesh
83%
M Manipur
83%
M Maharashtra
67%
M Meghalaya
67%
M Mizoram
50%
N Nagaland
50%
O Odisha
50%
P Punjab
50%
R Rajasthan
50%
S Sikkim
50%
T Tamil Nadu
50%
T Telangana
50%
T Tripura
50%
U Uttarakhand
50%
U Uttar Pradesh
50%
W West Bengal
50%
No matching quizzes found
Score Distribution
Percent of People with Each Score
Percentile by Number Answered
Your Score History
You have not taken this quiz